Việt Nam với những di sản thế giới

Sách giới thiệu những di sản của Việt Nam được thế giới công nhận di sản thiên nhiên thế giới, di sản văn hóa phi vật thể thế giới, văn hóa vật thể, di sản tự liệu thế giới, văn hóa hỗn hợp thế giới....

Full description

Saved in:
Bibliographic Details
Main Author: Kim Nguyễn (Chủ biên)
Format: Book
Language:Vietnamese
Published: H. Tài nguyên - Môi trường và Bản đồ Việt Nam 2018
Subjects:
Tags: Add Tag
No Tags, Be the first to tag this record!
Institutions: Thư viện Trường Đại học Nam Cần Thơ
LEADER 01155nam a22001937a 4500
001 NCT_57983
008 190116b xxu||||| |||| 00| 0 vie d
999 |c 2806  |d 2806 
020 |a 9786049522253  |c 150000 
082 0 4 |2 23rd ed.  |a 959.7  |b Ng527 
100 1 |a Kim Nguyễn  |e Chủ biên 
245 1 0 |a Việt Nam với những di sản thế giới  |c Kim Nguyễn (chủ biên)  
260 |a H.  |b Tài nguyên - Môi trường và Bản đồ Việt Nam  |c 2018 
300 |a 288 tr.  |b Ảnh, bảng  |c 24cm 
520 3 |a Sách giới thiệu những di sản của Việt Nam được thế giới công nhận di sản thiên nhiên thế giới, di sản văn hóa phi vật thể thế giới, văn hóa vật thể, di sản tự liệu thế giới, văn hóa hỗn hợp thế giới. 
653 |a Quản trị DV Du lịch và Lữ hành 
942 |2 ddc  |c BK 
952 |0 0  |1 0  |2 ddc  |4 0  |6 959_700000000000000_NG527  |7 0  |9 15272  |a 000001  |b 000001  |d 2019-01-16  |o 959.7 Ng527  |p MD.14147  |r 2019-01-16  |v 150000.00  |w 2019-01-16  |y BK 
980 |a Thư viện Trường Đại học Nam Cần Thơ